000 01277nac a22003011u 4500
010 _a 2005052292
020 _a0072934255 (alk. paper)
020 _a9780072934250
022 _a978001107075 (International ed.)
082 0 0 _a658.3
_bN763
090 _c4948
_d4948
100 _aNoe, Raymond A.
245 0 0 _aFundamentals of human resource management /
_cRaymond A. Noe ... [et al.].
246 3 0 _aHuman resource management
250 _a2nd ed.
_bInternational ed.
260 _aBoston :
_bMcGraw-Hill/Irwin,
_cc2007.
300 _axxix, 594 p. :
_bill. (chiefly col.) ;
_c25 cm.
500 _aInternational Edition.
504 _aIncludes bibliographical references and indexes.
650 0 _aPersonnel management.
700 1 _aHollenbeck, John R.
700 1 _aGerhart, Barry.
700 1 _aWright, Patrick M.
856 4 1 _3Table of contents only
_uhttp://www.loc.gov/catdir/enhancements/fy0625/2005052292-t.html
942 _cTB
_k658.3N763
999 _c4948
_d4948